[Event "Litomysl 2006"]
[Site "?"]
[Date "2006.12.26"]
[Round "1.1"]
[White "Gruber, Michael"]
[Black "Dydyshko, Viacheslav"]
[Result "0-1"]
[WhiteElo "2150"]
[BlackElo "2562"]
[PlyCount "194"]
[EventDate "2006.12.26"]

1. e4 c5 2. Nf3 d6 3. d4 cxd4 4. Nxd4 Nf6 5. Nc3 a6 6. Be2 e6 7. O-O Nc6 8. Be3
Bd7 9. f4 Rc8 10. Bf3 Be7 11. Qe1 O-O 12. Rd1 Qc7 13. Qg3 Rfd8 14. f5 Kh8 15.
fxe6 fxe6 16. Nxc6 Bxc6 17. Bg4 Bd7 18. Bh3 Rf8 19. Bd4 b5 20. e5 dxe5 21. Bxe5
Qa7+ 22. Bd4 Qb7 23. Qe5 b4 24. Ne2 Rxc2 25. Nf4 Qc6 26. Nxe6 Bxe6 27. Qxe6
Rxg2+ 28. Kh1 Rc2+ 29. Qxc6 Rxc6 30. Rfe1 Rc7 31. Bb6 Rc6 32. Ba5 Rd6 33. Rxd6
Bxd6 34. Re6 Bc5 35. Rxa6 Ne4 36. Bb6 g6 37. Bxc5 Nxc5 38. Rb6 Nd3 39. Kg1 Rf4
40. a3 Rc4 41. axb4 Rc2 42. Bf1 Ne5 43. Rf6 Rxb2 44. Rf4 Kg7 45. b5 Nf7 46. Rf2
Rb1 47. Kg2 Nd6 48. Rd2 Nf5 49. Bd3 Nh4+ 50. Kg3 Rb4 51. Rd1 Nf5+ 52. Bxf5 gxf5
53. Rd5 Kg6 54. Rd6+ Kg5 55. Rd7 Rb3+ 56. Kg2 h5 57. Rd5 Rb2+ 58. Kg3 h4+ 59.
Kh3 Rb3+ 60. Kg2 h3+ 61. Kf2 Kg4 62. Rd4+ f4 63. Rd8 Rb2+ 64. Kg1 Rxb5 65. Rd1
Rb2 66. Rf1 Ra2 67. Rb1 Rg2+ 68. Kh1 Re2 69. Kg1 Kf3 70. Rb3+ Kg4 71. Rb1 Rd2
72. Ra1 Rd4 73. Kf2 Rb4 74. Rg1+ Kf5 75. Re1 Rb8 76. Ra1 Rb2+ 77. Kf3 Rb3+ 78.
Kf2 Rd3 79. Ra5+ Kg4 80. Ra1 Rd2+ 81. Kg1 Kf3 82. Rf1+ Ke3 83. Re1+ Re2 84. Ra1
Rg2+ 85. Kh1 Rd2 86. Re1+ Kf2 87. Rf1+ Ke3 88. Kg1 f3 89. Re1+ Re2 90. Ra1 Rg2+
91. Kh1 Rd2 92. Re1+ Kd3 93. Ra1 Ke2 94. Rf1 Rd1 95. Rxd1 Kxd1 96. Kg1 Ke1 97.
Kh1 f2 0-1

[Event "Litomysl 2006"]
[Site "?"]
[Date "2006.12.26"]
[Round "1.2"]
[White "Berescu, Alin"]
[Black "Jurkiewicz, Krzysztof"]
[Result "1-0"]
[WhiteElo "2485"]
[BlackElo "2147"]
[PlyCount "41"]
[EventDate "2006.12.26"]

1. e4 c5 2. Nf3 d6 3. d4 cxd4 4. Nxd4 Nf6 5. Nc3 g6 6. Be3 Bg7 7. f3 O-O 8. Qd2
Nc6 9. O-O-O Nxd4 10. Bxd4 Be6 11. Kb1 Qc7 12. h4 Rfc8 13. h5 Nxh5 14. Bxg7
Kxg7 15. g4 Nf6 16. Qh6+ Kg8 17. Bd3 Qa5 18. Nd5 Rd8 19. g5 Nh5 20. Rxh5 gxh5
21. e5 1-0

[Event "Litomysl 2006"]
[Site "?"]
[Date "2006.12.26"]
[Round "1.3"]
[White "Fiser, Jiri"]
[Black "Simacek, Pavel"]
[Result "0-1"]
[WhiteElo "2144"]
[BlackElo "2479"]
[PlyCount "39"]
[EventDate "2006.12.26"]

1. e4 e5 2. Nf3 Nc6 3. Bb5 a6 4. Ba4 Nf6 5. O-O Nxe4 6. d4 b5 7. Bb3 d5 8. dxe5
Be6 9. Qe2 Bc5 10. c4 bxc4 11. Bxc4 Nxf2 12. Bxa6 Ne4+ 13. Kh1 Nb4 14. Bb5+ c6
15. Bd3 Nxd3 16. Qxd3 Nf2+ 17. Rxf2 Bxf2 18. Ng5 Qd7 19. Nc3 h6 20. Nxe6 0-1

[Event "Litomysl 2006"]
[Site "?"]
[Date "2006.12.26"]
[Round "1.4"]
[White "Manik, Mikulas"]
[Black "Bebel, Arkadiusz"]
[Result "1/2-1/2"]
[WhiteElo "2454"]
[BlackElo "2133"]
[PlyCount "47"]
[EventDate "2006.12.26"]

1. e4 c5 2. Nf3 e6 3. d4 cxd4 4. Nxd4 Nf6 5. Nc3 d6 6. g4 e5 7. Bb5+ Bd7 8.
Bxd7+ Qxd7 9. Nf5 h5 10. gxh5 Rxh5 11. Be3 Rxf5 12. exf5 Nc6 13. Qe2 Qxf5 14.
O-O-O O-O-O 15. Nd5 Nxd5 16. Rxd5 Kb8 17. Qd3 Qxd3 18. Rxd3 Kc7 19. Rg1 d5 20.
c3 Kd6 21. Rgd1 Ke6 22. f4 e4 23. R3d2 f5 24. c4 1/2-1/2

[Event "Litomysl 2006"]
[Site "?"]
[Date "2006.12.26"]
[Round "1.6"]
[White "Kraemer, Martin"]
[Black "Machlowski, Slawomir"]
[Result "0-1"]
[WhiteElo "2435"]
[BlackElo "2122"]
[PlyCount "98"]
[EventDate "2006.12.26"]

1. e4 e6 2. d4 c5 3. Nf3 cxd4 4. Nxd4 Qb6 5. Nb3 Qc7 6. Bd3 Nf6 7. c4 Be7 8.
Nc3 a6 9. O-O d6 10. f4 Nbd7 11. Bd2 b6 12. Qf3 Bb7 13. Rae1 h5 14. Qh3 Ng4 15.
Kh1 Nc5 16. Be2 O-O-O 17. Bxg4 hxg4 18. Qxg4 f5 19. exf5 Rh4 20. Qg3 Rdh8 21.
fxe6 Rh3 22. Qxh3 Rxh3 23. Nd5 Bxd5 24. cxd5 Rd3 25. Bc3 Rxd5 26. Bxg7 Bh4 27.
e7 Bxe7 28. f5 Bd8 29. Bc3 Nxb3 30. axb3 Qf7 31. f6 Rg5 32. Re3 d5 33. h3 Rg8
34. Bd4 Qg6 35. g3 Rf8 36. Kg2 Rf7 37. g4 Qc2+ 38. Rf2 Qd1 39. Be5 d4 40. Re4
d3 41. Bc3 Qxb3 42. Rf3 d2 43. Bxd2 Qxb2 44. Rf2 Rxf6 45. Rc4+ Kb7 46. Bf4 Qb5
47. Rfc2 Qd5+ 48. Kg3 Qd3+ 49. Kg2 Rxf4 0-1

[Event "Litomysl 2006"]
[Site "?"]
[Date "2006.12.26"]
[Round "1.7"]
[White "Zelezny, Jiri"]
[Black "Zawadzki, Stanislaw"]
[Result "0-1"]
[WhiteElo "2120"]
[BlackElo "2422"]
[PlyCount "98"]
[EventDate "2006.12.26"]

1. e4 c5 2. Nc3 Nc6 3. g3 g6 4. Bg2 Bg7 5. f4 d6 6. Nf3 e6 7. O-O Nge7 8. Rb1
O-O 9. d3 b6 10. h4 e5 11. f5 gxf5 12. Ng5 f6 13. exf5 d5 14. Qh5 fxg5 15. Bxg5
Bxf5 16. Bxd5+ Kh8 17. Bxe7 Nxe7 18. Bxa8 Qxa8 19. g4 Be6 20. Rxf8+ Qxf8 21.
Rf1 Qg8 22. Ne4 Nd5 23. g5 Nf4 24. Qf3 Qd8 25. b3 Qd7 26. Nf2 Bd5 27. Qe3 Bc6
28. Kh2 Qd5 29. Ne4 Qf7 30. Ng3 Qd7 31. Ne4 Qf5 32. Rf2 Qg6 33. Rf1 Qh5 34. Qg3
Ng6 35. Rf7 Nxh4 36. Rxa7 Nf3+ 37. Kg2 Nxg5 38. Rc7 Bxe4+ 39. dxe4 h6 40. c4
Qe2+ 41. Qf2 Qxe4+ 42. Kf1 Qg6 43. Qd2 e4 44. Qd8+ Kh7 45. Rc8 Qe6 46. Rb8 Nf3
47. Rb7 Nd4 48. Rxb6 Qh3+ 49. Kf2 e3+ 0-1

[Event "Litomysl 2006"]
[Site "?"]
[Date "2006.12.26"]
[Round "1.8"]
[White "Petr, Martin"]
[Black "Pietrobon, Fabio"]
[Result "1-0"]
[WhiteElo "2417"]
[BlackElo "2111"]
[PlyCount "97"]
[EventDate "2006.12.26"]

1. e4 c5 2. Nf3 d6 3. d4 cxd4 4. Nxd4 Nf6 5. Nc3 e6 6. g4 Nc6 7. g5 Nd7 8. Be3
Be7 9. Rg1 Nb6 10. f4 d5 11. exd5 Nxd5 12. Nxd5 Qxd5 13. Nb5 Qxd1+ 14. Rxd1 O-O
15. Bg2 a6 16. Nc7 Rb8 17. a3 e5 18. Be4 Bd8 19. Nxa6 bxa6 20. Bxc6 Rxb2 21.
Ba4 Ba5+ 22. Kf2 exf4 23. Bxf4 Bf5 24. Rb1 Rxb1 25. Rxb1 Rc8 26. Kf3 Bc3 27.
Rb7 Be6 28. Ra7 Bb2 29. Bd6 Bc4 30. Ke4 g6 31. Bd7 Rd8 32. a4 Kg7 33. Rc7 Ba2
34. c4 Bxc4 35. Be7 Rxd7 36. Rxd7 h6 37. h4 hxg5 38. hxg5 Bf1 39. Kd5 Bg2+ 40.
Kc5 Ba3+ 41. Kb6 Bxe7 42. Rxe7 Bf1 43. a5 Kf8 44. Ra7 f5 45. gxf6 g5 46. Rg7 g4
47. Rxg4 Kf7 48. Rg7+ Kxf6 49. Ra7 1-0

[Event "Litomysl 2006"]
[Site "?"]
[Date "2006.12.26"]
[Round "1.9"]
[White "Kool, Gerard"]
[Black "Grunberg, Mihai-Lucian"]
[Result "0-1"]
[WhiteElo "2109"]
[BlackElo "2414"]
[PlyCount "64"]
[EventDate "2006.12.26"]

1. b4 e5 2. Bb2 Bxb4 3. Bxe5 Nf6 4. Nf3 d5 5. e3 O-O 6. a3 Ba5 7. Be2 c5 8. O-O
Nc6 9. Bg3 Re8 10. d3 b5 11. c3 a6 12. a4 Bf5 13. Nh4 Bd7 14. Qc2 Qe7 15. axb5
axb5 16. Nd2 d4 17. cxd4 Nxd4 18. Qd1 Nd5 19. Ne4 Nxe2+ 20. Qxe2 Nc3 21. Nxc3
Bxc3 22. Rxa8 Rxa8 23. Qf3 Ra7 24. Bb8 Ra4 25. Nf5 Qf6 26. Ng3 Qxf3 27. gxf3
Bh3 28. Rb1 Ra1 29. Rxa1 Bxa1 30. Nf1 c4 31. dxc4 bxc4 32. Bd6 c3 0-1

[Event "Litomysl 2006"]
[Site "?"]
[Date "2006.12.26"]
[Round "1.10"]
[White "Cernousek, Lukas"]
[Black "Holusova, Tana"]
[Result "1-0"]
[WhiteElo "2408"]
[BlackElo "2097"]
[PlyCount "143"]
[EventDate "2006.12.26"]

1. Nf3 Nf6 2. d4 e6 3. c4 b6 4. g3 Bb7 5. Bg2 Be7 6. Nc3 O-O 7. b3 d6 8. O-O
Nbd7 9. Bb2 Ne8 10. Qc2 Rb8 11. e4 c5 12. d5 e5 13. Ne1 Bf6 14. Nd3 Bc8 15.
Rae1 Rb7 16. Kh1 h5 17. f4 h4 18. f5 hxg3 19. h3 Bh4 20. Re3 Ndf6 21. Ne2 Nh5
22. Ne1 Bg5 23. Ref3 Nef6 24. Nxg3 Nxg3+ 25. Rxg3 Bf4 26. Rc3 Nh5 27. Rff3 Qh4
28. Nd3 Bh6 29. Nf2 Bf4 30. Kg1 g6 31. Nd3 g5 32. Nf2 Nf6 33. Qe2 Kg7 34. Rc2
Rg8 35. Bc3 Kf8 36. Be1 Qh5 37. Kf1 g4 38. hxg4 Nxg4 39. Rh3 Nh2+ 40. Kg1 Qg5
41. Nd3 Ng4 42. Bh4 Qg7 43. Qf3 Bg5 44. Be1 Nh6 45. Rg3 f6 46. Bf1 Nf7 47. Rcg2
Qh6 48. Nf2 Ke7 49. Be2 Bd7 50. Qc3 Rbb8 51. Rh3 Qg7 52. Bh5 Nh6 53. Qd3 Qf8
54. Kf1 Bf4 55. Bg6 Be8 56. Bd2 Bxd2 57. Qxd2 Nf7 58. Rh7 Kd8 59. Bxf7 Rxg2 60.
Kxg2 Bxf7 61. Ng4 Qg8 62. Rh4 Ke7 63. Kf3 Qg7 64. Qh6 Rg8 65. Qxg7 Rxg7 66. Rh6
a5 67. Nxf6 Rg1 68. Ng4 Rf1+ 69. Ke3 Re1+ 70. Kd3 Rd1+ 71. Kc3 Re1 72. f6+ 1-0

[Event "Litomysl 2006"]
[Site "?"]
[Date "2006.12.26"]
[Round "1.11"]
[White "Simecek, Bohumil"]
[Black "Grecescu, Gabriel-Andrei"]
[Result "1-0"]
[WhiteElo "2095"]
[BlackElo "2405"]
[PlyCount "107"]
[EventDate "2006.12.26"]

1. d4 Nf6 2. c4 e6 3. Nc3 Bb4 4. Qc2 Nc6 5. Nf3 O-O 6. Bg5 d6 7. a3 Bxc3+ 8.
Qxc3 a5 9. e3 Qe7 10. Be2 e5 11. O-O Bg4 12. Rfe1 Rfe8 13. Nxe5 dxe5 14. Bxg4
h6 15. Bxf6 Qxf6 16. d5 Ne7 17. b4 axb4 18. axb4 Qg5 19. Bh3 Ng6 20. c5 Rxa1
21. Rxa1 e4 22. d6 cxd6 23. cxd6 Rd8 24. Qc7 Qf6 25. Rd1 Ne5 26. d7 g5 27. Bf5
b5 28. Rd6 Qe7 29. Rb6 Kg7 30. Rxb5 Ra8 31. h3 Kf6 32. Bxe4 Ra1+ 33. Kh2 Rd1
34. Rd5 Rxd5 35. Bxd5 Nxd7 36. b5 Qe5+ 37. Qxe5+ Nxe5 38. b6 Ke7 39. Kg3 f5 40.
b7 Nd7 41. e4 fxe4 42. Bxe4 Kf6 43. Kg4 Nb8 44. Kh5 Kg7 45. Bf5 Nc6 46. Bd7 Nb8
47. Bb5 Kh7 48. h4 gxh4 49. Kxh4 Kg6 50. Kg4 Kf6 51. Kh5 Kg7 52. g4 Kh7 53. f4
Kg7 54. f5 1-0

[Event "Litomysl 2006"]
[Site "?"]
[Date "2006.12.26"]
[Round "1.17"]
[White "Solinas, Carlo"]
[Black "Vyskocil, Neklan"]
[Result "0-1"]
[WhiteElo "2031"]
[BlackElo "2374"]
[PlyCount "70"]
[EventDate "2006.12.26"]

1. e4 c5 2. d4 cxd4 3. c3 dxc3 4. Nxc3 Nc6 5. Nf3 d6 6. Bc4 e6 7. O-O a6 8. Qe2
Nge7 9. Bg5 Qa5 10. Rfd1 Ng6 11. a3 Nge5 12. Nxe5 Nxe5 13. Ba2 Nf3+ 14. Qxf3
Qxg5 15. g3 Be7 16. h4 Qe5 17. Qe3 Qc5 18. Qe2 O-O 19. Rac1 Qa5 20. Rd3 Bd7 21.
e5 d5 22. Qh5 Rac8 23. Rcd1 Be8 24. Qg4 Bc6 25. b4 Qc7 26. f4 Qb6+ 27. Rd4 a5
28. Kh2 axb4 29. axb4 Bxb4 30. Ne2 Bc5 31. f5 exf5 32. Qxf5 Bxd4 33. Bb1 g6 34.
Qf6 Bxe5 35. Qxe5 Rce8 0-1

[Event "Litomysl 2006"]
[Site "?"]
[Date "2006.12.26"]
[Round "1.19"]
[White "Konstacky, Matej"]
[Black "Kadziolka, Beata"]
[Result "0-1"]
[WhiteElo "2025"]
[BlackElo "2346"]
[PlyCount "42"]
[EventDate "2006.12.26"]

1. e4 c5 2. Nf3 d6 3. b4 cxb4 4. d4 g6 5. a3 bxa3 6. c3 Bg7 7. Bd3 Nf6 8. O-O
O-O 9. Bxa3 Nc6 10. Ne1 a6 11. f4 b5 12. Nc2 Bb7 13. Nd2 Na5 14. Ne3 Rc8 15.
Rc1 Re8 16. g3 e5 17. d5 Qb6 18. Re1 exf4 19. gxf4 Nxd5 20. Qf3 Nxe3 21. Rxe3
Bxc3 0-1

[Event "Litomysl 2006"]
[Site "?"]
[Date "2006.12.26"]
[Round "1.20"]
[White "Spirin, Oleg"]
[Black "Tejkal, Jiri"]
[Result "1-0"]
[WhiteElo "2345"]
[BlackElo "2019"]
[PlyCount "83"]
[EventDate "2006.12.26"]

1. d4 d5 2. c4 c6 3. Nf3 Nf6 4. e3 a6 5. Nbd2 Bf5 6. Nh4 Bc8 7. Bd3 Nbd7 8.
Nhf3 e6 9. O-O Bd6 10. e4 dxe4 11. Nxe4 Nxe4 12. Bxe4 Nf6 13. Bc2 O-O 14. Bg5
Be7 15. Qd3 g6 16. Rad1 b5 17. b3 Bb7 18. Rfe1 Kg7 19. Qd2 Ng8 20. Bf4 Re8 21.
Ne5 c5 22. Qc3 cxd4 23. Rxd4 Qc8 24. Rdd1 Bf6 25. Qg3 Bxe5 26. Bxe5+ f6 27. Bb2
bxc4 28. bxc4 e5 29. h4 Qc7 30. h5 Qf7 31. c5 Rad8 32. hxg6 hxg6 33. Rd6 Rxd6
34. cxd6 Bd5 35. a4 Rd8 36. Ba3 Be6 37. Bd3 Bc4 38. Rc1 Bxd3 39. Qxd3 Rd7 40.
Qxa6 Nh6 41. Qc8 Nf5 42. Qxd7 1-0

[Event "Litomysl 2006"]
[Site "?"]
[Date "2006.12.26"]
[Round "1.23"]
[White "Mrna, Vladimir"]
[Black "Sabol, Marian"]
[Result "1/2-1/2"]
[WhiteElo "2007"]
[BlackElo "2310"]
[PlyCount "77"]
[EventDate "2006.12.26"]

1. Nf3 Nf6 2. g3 d5 3. Bg2 c6 4. b3 h6 5. Bb2 Bf5 6. O-O Nbd7 7. d3 Qc7 8. c4
e6 9. Nc3 Bh7 10. Rc1 dxc4 11. bxc4 Be7 12. Nd2 O-O 13. Qc2 Rad8 14. Rb1 Nc5
15. Nde4 Nfxe4 16. Nxe4 Nd7 17. Qc3 e5 18. Ba3 Bxa3 19. Qxa3 Bxe4 20. Bxe4 f5
21. Bg2 b6 22. Qa4 Rf6 23. Rfd1 Nc5 24. Qc2 g6 25. Qc3 Ne6 26. e3 Rf7 27. Rd2
Kh7 28. f4 exf4 29. gxf4 Nc5 30. d4 Ne4 31. Bxe4 fxe4 32. a4 Rf5 33. Rg2 Qe7
34. Kh1 Rd6 35. Rbg1 Re6 36. Rg4 Ra5 37. Qc2 Qa3 38. d5 cxd5 39. f5 1/2-1/2

[Event "Litomysl 2006"]
[Site "?"]
[Date "2006.12.26"]
[Round "1.24"]
[White "Krupa, Monika"]
[Black "Smekal, Zdenek"]
[Result "1-0"]
[WhiteElo "2309"]
[BlackElo "1977"]
[PlyCount "51"]
[EventDate "2006.12.26"]

1. e4 e5 2. Nf3 Nc6 3. d4 exd4 4. Nxd4 Nf6 5. Nxc6 bxc6 6. Bd3 d5 7. exd5 cxd5
8. O-O Be7 9. Nc3 O-O 10. Nb5 c6 11. Nd4 Qc7 12. h3 h6 13. Qf3 Nh7 14. c4 Bf6
15. cxd5 Bxd4 16. Qe4 f5 17. Qxd4 Qd6 18. Bf4 Qd8 19. Bc4 Kh8 20. Bxh6 Nf6 21.
Bg5 cxd5 22. Rad1 Bb7 23. Qh4+ Kg8 24. Rfe1 Qa5 25. Re5 Ne4 26. Rexd5 1-0

[Event "Litomysl 2006"]
[Site "?"]
[Date "2006.12.26"]
[Round "1.25"]
[White "Pales, Dusan"]
[Black "Kaufeld, Juergen"]
[Result "1/2-1/2"]
[WhiteElo "1972"]
[BlackElo "2308"]
[PlyCount "80"]
[EventDate "2006.12.26"]

1. e4 c5 2. Nf3 e6 3. d4 cxd4 4. Nxd4 Nc6 5. Nb5 d6 6. Bf4 e5 7. Be3 a6 8. N5c3
Nf6 9. Be2 Be7 10. O-O O-O 11. Nd2 b5 12. a4 b4 13. Nd5 Nxd5 14. exd5 Nb8 15.
Nc4 Nd7 16. a5 Rb8 17. Qd2 f5 18. Bb6 Nxb6 19. Nxb6 Qc7 20. Ra4 Qc5 21. Rfa1 e4
22. Rxb4 e3 23. fxe3 Bg5 24. Ra3 f4 25. Rc4 fxe3 26. Qd1 Qb5 27. Rxc8 Qxb2 28.
Rb3 Qf6 29. Rxf8+ Rxf8 30. Nd7 Qf2+ 31. Kh1 Rf4 32. Rb8+ Kf7 33. Rf8+ Ke7 34.
Rxf4 Bxf4 35. Nb8 Bxh2 36. Nc6+ Ke8 37. Kxh2 Qh4+ 38. Kg1 Qf2+ 39. Kh1 Qh4+ 40.
Kg1 Qf2+ 1/2-1/2

[Event "Litomysl 2006"]
[Site "?"]
[Date "2006.12.26"]
[Round "1.31"]
[White "Nisztuk, Michal"]
[Black "Cerveny, Petr"]
[Result "1/2-1/2"]
[WhiteElo "1874"]
[BlackElo "2286"]
[PlyCount "106"]
[EventDate "2006.12.26"]

1. e4 c5 2. Nf3 e6 3. c3 Nf6 4. Qc2 Nc6 5. d4 d5 6. e5 Nd7 7. Bb5 cxd4 8. Bxc6
bxc6 9. cxd4 Ba6 10. Bd2 Qb6 11. Nc3 c5 12. Na4 Qb5 13. Nc3 Qb7 14. Be3 Rc8 15.
Rc1 Be7 16. Qd2 O-O 17. h4 Rc7 18. h5 Rb8 19. Rc2 Nb6 20. b3 c4 21. Ne2 cxb3
22. Rxc7 Qxc7 23. axb3 Nc4 24. Qc2 Qa5+ 25. Nd2 Nxe3 26. fxe3 Rc8 27. Qb2 Ba3
28. Qa2 Qb5 29. Nf3 Rb8 30. Kf2 Rb6 31. Rb1 Rc6 32. Nf4 Bb4 33. Qa4 Qxa4 34.
bxa4 Rb6 35. Rc1 Bc4 36. h6 g6 37. Nh2 Be7 38. Ng4 Rb2+ 39. Kg3 Rb3 40. Kh2 Bg5
41. g3 Kf8 42. e4 Ke7 43. exd5 exd5 44. Kg2 a5 45. Rc2 Re3 46. Nh3 f6 47. Rf2
Rb3 48. Nxg5 fxg5 49. Nf6 Rb7 50. Nxh7 Rb8 51. Nf6 Ke6 52. Ng4 Bd3 53. Rf6+ Ke7
1/2-1/2

[Event "Litomysl 2006"]
[Site "?"]
[Date "2006.12.27"]
[Round "2.2"]
[White "Kulovana, Eva"]
[Black "Berescu, Alin"]
[Result "1-0"]
[WhiteElo "2263"]
[BlackElo "2485"]
[PlyCount "53"]
[EventDate "2006.12.26"]

1. e4 e6 2. d4 d5 3. Nd2 Nf6 4. e5 Nfd7 5. Bd3 c5 6. c3 Nc6 7. Ne2 cxd4 8. cxd4
f6 9. exf6 Nxf6 10. Nf3 Bd6 11. O-O Qc7 12. Bg5 O-O 13. Bh4 Nh5 14. Qc2 h6 15.
Bg6 Rxf3 16. gxf3 Bxh2+ 17. Kh1 Nf4 18. Ng3 Qb6 19. Rad1 Nxd4 20. Qa4 Bd7 21.
Bf7+ Kxf7 22. Qxd7+ Kg8 23. Bf6 gxf6 24. Rg1 Bxg1 25. Rxg1 Kh8 26. Ne4 Rg8 27.
Qh7+ 1-0

[Event "Litomysl 2006"]
[Site "?"]
[Date "2006.12.27"]
[Round "2.4"]
[White "Slaby, Jerzy"]
[Black "Bujnoch, Radek"]
[Result "1/2-1/2"]
[WhiteElo "2437"]
[BlackElo "2250"]
[PlyCount "84"]
[EventDate "2006.12.26"]

1. Nf3 d5 2. d4 Nf6 3. c4 c6 4. Nc3 e6 5. Bg5 dxc4 6. a4 Bb4 7. e4 Qa5 8. Bd2
Nbd7 9. Bxc4 O-O 10. e5 Nd5 11. Ne4 c5 12. dxc5 Nxc5 13. Nxc5 Qxc5 14. Rc1
Bxd2+ 15. Qxd2 Rd8 16. O-O Qe7 17. Nd4 Nb4 18. Rfd1 Bd7 19. b3 Bc6 20. Qf4 a6
21. h4 Bd5 22. h5 h6 23. Nf3 Bxc4 24. Qxc4 Nc6 25. Qf4 Rxd1+ 26. Rxd1 Rd8 27.
Rd6 f6 28. Rxd8+ Qxd8 29. exf6 Qxf6 30. Qe3 Qa1+ 31. Kh2 Qf6 32. g4 e5 33. Kg3
Qe6 34. Nd2 b5 35. Qe4 Nd4 36. Qa8+ Kh7 37. Qe4+ Kg8 38. axb5 axb5 39. b4 Qc6
40. Qxe5 Qc3+ 41. Qe3 Qxe3+ 42. fxe3 Nc2 1/2-1/2

[Event "Litomysl 2006"]
[Site "?"]
[Date "2006.12.27"]
[Round "2.5"]
[White "Zawadzki, Stanislaw"]
[Black "Jedlicka, Ales"]
[Result "1-0"]
[WhiteElo "2422"]
[BlackElo "2235"]
[PlyCount "119"]
[EventDate "2006.12.26"]

1. Nf3 c5 2. b3 d5 3. e3 Nf6 4. Bb2 e6 5. Ne5 Qc7 6. f4 Nc6 7. Bb5 Bd7 8. Bxc6
Bxc6 9. O-O Be7 10. d3 O-O 11. Nd2 Nd7 12. Qg4 f5 13. Qg3 Nf6 14. a4 Rad8 15.
h3 b6 16. Ndf3 Bd6 17. Ng5 Rde8 18. Qh4 h6 19. Ngf3 d4 20. Nxc6 Qxc6 21. exd4
cxd4 22. Rf2 Bc5 23. Kh1 Qd6 24. Re1 Nd5 25. Re5 Ne3 26. Re2 Rf6 27. b4 Bxb4
28. Nxd4 Nd1 29. Ba1 Qd7 30. Qh5 Bc3 31. Bxc3 Nxc3 32. Re1 Nxa4 33. Nxf5 Ref8
34. Ng3 Nc5 35. Ne2 Rf5 36. Rxf5 exf5 37. Ng1 Qf7 38. Qe2 Qc7 39. Qd2 a5 40.
Nf3 Qd6 41. Ne5 Re8 42. Qc3 Qd5 43. Rb1 Re6 44. Rb5 Qd6 45. Qc4 Kh7 46. Rb1 Nd7
47. Nf3 Re8 48. Qf7 Rf8 49. Qc4 Nf6 50. Qd4 Qxd4 51. Nxd4 Nd5 52. Rb5 Nxf4 53.
Rxb6 Ra8 54. Rb3 g6 55. Ra3 Nd5 56. c4 Nb4 57. c5 a4 58. c6 Rc8 59. Rxa4 Nxc6
60. Rc4 1-0

[Event "Litomysl 2006"]
[Site "?"]
[Date "2006.12.27"]
[Round "2.6"]
[White "Plat, Vojtech"]
[Black "Petr, Martin"]
[Result "0-1"]
[WhiteElo "2252"]
[BlackElo "2417"]
[PlyCount "138"]
[EventDate "2006.12.26"]

1. e4 e6 2. d4 d5 3. Nd2 c5 4. exd5 exd5 5. Ngf3 a6 6. Be2 c4 7. O-O Bd6 8. c3
Ne7 9. b3 cxb3 10. axb3 Nbc6 11. Re1 O-O 12. Nf1 h6 13. Ng3 Nf5 14. Nxf5 Bxf5
15. c4 Nb4 16. Rf1 Re8 17. c5 Bc7 18. Ba3 Qe7 19. Bb5 Nc6 20. Bxc6 bxc6 21. Re1
Qf6 22. Bb2 Bg4 23. Qd3 Bxf3 24. Qxf3 Rxe1+ 25. Rxe1 Qxf3 26. gxf3 Rb8 27. Re3
Bf4 28. Rd3 a5 29. Ba3 Kh7 30. h3 Kg6 31. Rc3 Re8 32. Kf1 Rb8 33. Kg2 Kf5 34.
Bc1 Bxc1 35. Rxc1 Rxb3 36. Ra1 Rb5 37. Kg3 g5 38. Ra3 h5 39. Ra1 h4+ 40. Kg2
Kf4 41. Ra2 f5 42. Ra3 g4 43. fxg4 fxg4 44. hxg4 Kxg4 45. f3+ Kf4 46. Kh3 Kg5
47. Kg2 Rb2+ 48. Kh3 Rf2 49. Rxa5 Rxf3+ 50. Kg2 Rg3+ 51. Kh2 Kf4 52. Ra6 Rg6
53. Ra8 Ke4 54. Rd8 Kxd4 55. Rd6 Rg3 56. Rxc6 Rc3 57. Rh6 Kxc5 58. Rxh4 Rf3 59.
Kg2 Rf8 60. Rh7 d4 61. Rd7 Kc4 62. Rc7+ Kb3 63. Rd7 Kc3 64. Rc7+ Kd2 65. Rd7 d3
66. Rd6 Ke2 67. Re6+ Kd1 68. Rd6 d2 69. Rd7 Rf5 0-1

[Event "Litomysl 2006"]
[Site "?"]
[Date "2006.12.27"]
[Round "2.7"]
[White "Grunberg, Mihai-Lucian"]
[Black "Bartel, Michal"]
[Result "1-0"]
[WhiteElo "2414"]
[BlackElo "2226"]
[PlyCount "39"]
[EventDate "2006.12.26"]

1. Nf3 f5 2. d4 Nf6 3. g3 g6 4. Bg2 Bg7 5. O-O d6 6. c3 O-O 7. Qb3+ d5 8. c4 c6
9. Nc3 Qb6 10. c5 Qxb3 11. axb3 Ne4 12. Bf4 Be6 13. b4 h6 14. b5 g5 15. Bc7
Nxc3 16. bxc3 cxb5 17. Rfb1 g4 18. Nh4 Na6 19. Bf4 b4 20. c6 1-0

[Event "Litomysl 2006"]
[Site "?"]
[Date "2006.12.27"]
[Round "2.8"]
[White "Hudziak, Pawel"]
[Black "Cernousek, Lukas"]
[Result "0-1"]
[WhiteElo "2245"]
[BlackElo "2408"]
[PlyCount "32"]
[EventDate "2006.12.26"]

1. d4 d5 2. c4 dxc4 3. Nf3 a6 4. a4 Nc6 5. Nc3 Nf6 6. e4 Na5 7. Be3 Bg4 8. h3
Bxf3 9. Qxf3 e6 10. g4 c5 11. Rd1 Qb6 12. g5 Nd7 13. Qe2 cxd4 14. Bxd4 Bc5 15.
Bxg7 Rg8 16. Qd2 O-O-O 0-1

[Event "Litomysl 2006"]
[Site "?"]
[Date "2006.12.27"]
[Round "2.9"]
[White "Groetz, Harald"]
[Black "Giuriati, Paolo"]
[Result "1/2-1/2"]
[WhiteElo "2399"]
[BlackElo "2209"]
[PlyCount "66"]
[EventDate "2006.12.26"]

1. e4 e6 2. d4 d5 3. Nd2 Nf6 4. e5 Nfd7 5. c3 c5 6. Bd3 Nc6 7. Ne2 cxd4 8. cxd4
f6 9. exf6 Nxf6 10. Nf3 Bd6 11. O-O Qc7 12. Bg5 O-O 13. Bh4 Bd7 14. Bg3 Rae8
15. Rc1 Bxg3 16. hxg3 Qb6 17. Qd2 e5 18. dxe5 Nxe5 19. Nxe5 Rxe5 20. Rc3 Ng4
21. Nd4 g5 22. Be2 Rxe2 23. Qxg5+ Kh8 24. Nxe2 Rxf2 25. Rxf2 Qxf2+ 26. Kh1 Qxe2
27. Rc1 Qe6 28. Qd8+ Be8 29. Qg5 Bc6 30. Qd8+ Qg8 31. Qe7 Qg7 32. Qd8+ Qg8 33.
Qe7 Qg7 1/2-1/2

[Event "Litomysl 2006"]
[Site "?"]
[Date "2006.12.27"]
[Round "2.10"]
[White "Valenta, Vit"]
[Black "Kanovsky, David"]
[Result "0-1"]
[WhiteElo "2238"]
[BlackElo "2390"]
[PlyCount "52"]
[EventDate "2006.12.26"]

1. b4 e5 2. Bb2 Bxb4 3. Bxe5 Nf6 4. Nf3 O-O 5. g3 d5 6. Bg2 c5 7. Bb2 Nc6 8.
O-O Re8 9. d3 d4 10. c3 Ba5 11. cxd4 cxd4 12. Nbd2 Nd5 13. Nxd4 Nxd4 14. Bxd4
Bc3 15. Qb3 Bxd4 16. Bxd5 Rxe2 17. Bxf7+ Kh8 18. Ne4 Bxa1 19. Rxa1 Qd4 20. Rb1
Bg4 21. Qd5 Qxd5 22. Bxd5 Rc8 23. Nd6 Rc5 24. Rxb7 g6 25. Nf7+ Kg8 26. Ng5+
Rxd5 0-1

[Event "Litomysl 2006"]
[Site "?"]
[Date "2006.12.27"]
[Round "2.11"]
[White "Plischki, Sebastian"]
[Black "Herbold, Manfred"]
[Result "1-0"]
[WhiteElo "2389"]
[BlackElo "2204"]
[PlyCount "73"]
[EventDate "2006.12.26"]

1. d4 g6 2. c4 Bg7 3. e4 Nc6 4. Nf3 e5 5. Bg5 f6 6. Be3 Nh6 7. dxe5 Nxe5 8.
Nxe5 fxe5 9. Nc3 O-O 10. c5 Kh8 11. Bc4 Qh4 12. Be2 b6 13. b4 d6 14. cxd6 cxd6
15. O-O Nf7 16. Bc4 Ng5 17. f3 Bh3 18. Qd2 Bh6 19. Nd5 Rac8 20. Ba6 Rcd8 21.
gxh3 Rxf3 22. Bxg5 Bxg5 23. Qg2 Rxh3 24. Rf3 Rxh2 25. Qxh2 Qxe4 26. Qg2 Qd4+
27. Kh2 Qxa1 28. Qxg5 Qxa2+ 29. Kh3 Rg8 30. Qf6+ Rg7 31. Qd8+ Rg8 32. Qxd6 Qa1
33. Bf1 g5 34. Ne3 Qd4 35. Qf6+ Rg7 36. Qxg7+ Kxg7 37. Nf5+ 1-0

[Event "Litomysl 2006"]
[Site "?"]
[Date "2006.12.27"]
[Round "2.12"]
[White "Aepfler, Christian"]
[Black "Zilka, Stepan"]
[Result "1/2-1/2"]
[WhiteElo "2235"]
[BlackElo "2375"]
[PlyCount "96"]
[EventDate "2006.12.26"]

1. e4 c5 2. c3 d6 3. d4 Nf6 4. Bd3 e5 5. Ne2 Nbd7 6. O-O Be7 7. h3 O-O 8. Be3
d5 9. exd5 Nxd5 10. Bc1 exd4 11. cxd4 Nb4 12. Be4 cxd4 13. a3 d3 14. axb4 dxe2
15. Qxe2 Nf6 16. b5 Nxe4 17. Qxe4 Bf6 18. Nc3 Re8 19. Qf3 Be6 20. Be3 Qe7 21.
Ra4 a6 22. Rfa1 Bxc3 23. bxc3 Bd7 24. Qxb7 Rab8 25. Qc7 Bxb5 26. Qxe7 Rxe7 27.
Rb4 Rc8 28. Bd4 f6 29. Rb2 Kf7 30. f3 Rce8 31. Bf2 Re2 32. Rxe2 Rxe2 33. Rc1
Bc4 34. Rb1 Rc2 35. Rb7+ Kg6 36. Bd4 a5 37. Ra7 Ra2 38. Bc5 a4 39. Bf8 Bf7 40.
h4 h5 41. g4 hxg4 42. fxg4 Kh7 43. Rxf7 Kg8 44. Rxg7+ Kxf8 45. Ra7 a3 46. c4
Rc2 47. Rxa3 Rxc4 48. Rg3 f5 1/2-1/2

[Event "Litomysl 2006"]
[Site "?"]
[Date "2006.12.27"]
[Round "2.17"]
[White "Mudrak, Josef"]
[Black "Macicek, Jan"]
[Result "1/2-1/2"]
[WhiteElo "2343"]
[BlackElo "2155"]
[PlyCount "33"]
[EventDate "2006.12.26"]

1. d4 Nf6 2. Nf3 e6 3. g3 b6 4. Bg2 Bb7 5. O-O Be7 6. c4 O-O 7. Nc3 Ne4 8. Qc2
Nxc3 9. bxc3 Nc6 10. Rd1 Na5 11. d5 Nxc4 12. dxe6 fxe6 13. Ng5 Bxg5 14. Bxb7
Rb8 15. Bxg5 Qxg5 16. Be4 Qh5 17. Rd4 1/2-1/2